Statistics for Χάρτης της Ασίας

Click here to take the quiz!

General Stats

  • This quiz has been taken 319 times
  • The average score is 33 of 48

Answers on the Map

Answers color-coded by a green-red scale on the quiz's map according to % correct below.
 

Answer Stats

Answer% Correct
Κίνα
97%
Ιαπωνία
92%
Ινδία
92%
Νότια Κορέα
90%
Βόρεια Κορέα
87%
Μογγολία
86%
Ινδονησία
84%
Τουρκία
80%
Σαουδική Αραβία
78%
Φιλιππίνες
75%
Κύπρος
75%
Πακιστάν
71%
Βιετνάμ
71%
Ισραήλ
71%
Υεμένη
71%
Ομάν
71%
Νεπάλ
71%
Ηνωμένα Αραβικά Εμιράτα
70%
Ιράκ
70%
Ιράν
70%
Ταϊβάν
70%
Σρι Λάνκα
69%
Καζακστάν
69%
Λάος
68%
Μπαγκλαντές
68%
Συρία
68%
Ταϊλάνδη
68%
Αρμενία
67%
Αφγανισταν
67%
Μαλδίβες
67%
Λίβανος
66%
Αζερμπαϊτζάν
66%
Ιορδανία
64%
Μαλαισία
64%
Μιανμάρ
62%
Καμπότζη
62%
Μπουτάν
61%
Γεωργία
61%
Κατάρ
60%
Ανατολικό Τιμόρ
58%
Κουβέιτ
58%
Σιγκαπούρη
58%
Ουζμπεκιστάν
55%
Μπαχρέιν
53%
Μπρουνέι
52%
Τατζικιστάν
49%
Τουρκμενιστάν
47%
Κιργιζία
46%

Score Distribution

Percentile by Number Answered

Percent of People with Each Score

Your Score History

You have not taken this quiz